000 00711nam a2200241Ia 4500
005 20260430150543.0
008 008 250103s9999 xx 000 0 eng d
037 _aTheses
040 _aCRL
040 _beng
040 _ceng
041 _2eng
041 _aeng
084 _qCRL
100 _aSrivastava Garima Gaur Au.; Bhatt R. K. Gu.
_91237834
245 0 _aMarketing of Library and information Science Products and services of the University Libraries in Delhi: A Study
260 _c2024
300 _a387p.
650 _aLibrary Science
700 _aUniversity of Delhi. Faculty of Arts. Deptt. of Library & Information Science
_91237831
942 _cTH
999 _c1850061
_d1850061